00394cam a22001572 4500001001100000005001700011008004100028020001700069040001500086245003000101250001500131260003500146300001700181650003500198852000300233000001838420151217161144.0091025s xx 000 0 eng d a1408104224 : aKABUcKABU10aWhitaker's almanack 2009. a141st ed. aLondon :bJ. Whitaker,cc2009. a1369 :bill. 0aAlmanacs, English.@00001479931